000 00852nam a2200229 i 4500
001 55640
003 ES-MaACL
005 20230906163202.0
007 t|
008 030924s1882 fr |||| |dfre d
100 1 _aDesprez, Adrien.
_943925
245 1 3 _aLa Politique féminine, de Marie de Médicis à Marie-Antoinette
_b: 1610-1792 /
_cAdrien Desprez.
260 _aParis :
_bA. Degorce-Cadot,
_c1882 (
_fToher et C.)
300 _a365 p. ;
_c17 cm.
490 1 _aBibliothèque de vulgarisation
600 1 4 _aMaría
_cReina consorte de Enrique IV, Rey de Francia.
_9167113
600 0 4 _aMaría Antonieta
_cReina consorte de Luis XVI, Rey de Francia.
_976657
651 4 _aFrancia-
_xHistoria-
_y1589-1789, Casa de Borbón.
_9151680
830 0 _aBibliothèque de vulgarisation
_9230345
852 _aES-MaACL
_jD-1555
999 _c55640
_d55640